000 00634nam a2200265Ia 4500
005 20260306164058.0
008 008 260114s9999 xx 000 0 eng d
020 _a9780226546872
037 _aEBOOK
040 _aCRL
040 _beng
040 _cCRL
041 _2eng
041 _aeng
084 _qCRL
100 _aDe Duve
_91129955
245 0 _aAesthetics At Large: Volume 1: Art, Ethics, Politics
260 _bUniversity of Chicago Press
260 _c2019
650 _aPhilosophy
856 _uhttps://academic.oup.com/book/31218
942 _cEBOOK
999 _c1712665
_d1712665